Riflessioni educative intorno all'insegnamento dei metodi naturali della regolazione della fertilità, nella prospettiva dell'accompagnamento pedagogico (Record n. 360653)

Dettagli MARC
000 -LEADER
campo di controllo lung. fissa 00736nam a22002297a 4500
003 - Identificatore del numero di controllo
campo di controllo IT-MiCISF
005 - Data e orario dell'ultima transazione
campo di controllo 20251024153614.0
008 - Elementi di lunghezza fissa--Informazione generale
campo di controllo lung. fissa 251024b |||||||| |||| 00| 0 eng d
022 ## - ISSN (International Standard Serial Number)
ISSN (International Standard Serial Number) 1594-1914
040 ## - Fonte della catalogazione
Agenzia che fa la trascrizione IT-MiCISF
041 ## - Codice di lingua
Codice di lingua del testo/traccia sonora o titolo separato it
100 ## - Accesso principale -- nome di persona
Nome di persona Tabacchi Alessia
9 (RLIN) 58522
245 ## - Formulazione del titolo
Titolo Riflessioni educative intorno all'insegnamento dei metodi naturali della regolazione della fertilità, nella prospettiva dell'accompagnamento pedagogico
250 ## - Formulazione di edizione
Formulazione di edizione "Consultori familiari oggi", n. 1, gennaio-giugno
260 ## - Pubblicazione, distribuzione, ecc. (stampa)
Data di pubblicazione, distribuzione, ecc. 2025
300 ## - Descrizione fisica
Estensione pp. 77-87
310 ## - Periodicità corrente della pubblicazione
Periodicità corrente della pubblicazione semestrale
500 ## - Nota generale
Nota generale consultori, metodi-naturali, educazione, età-adulta
650 ## - Accesso aggiunto di soggetto--termine topico
Termine topico o nome geografico come accesso Consulenza-familiare
654 ## - Accesso aggiunto di soggetto--termini topici faccettati
Termine principale articolo
942 ## - Dati aggiuntivi (Koha)
Fonte della classificazione o dello schema di collocazione (segnatura) Dewey Decimal Classification
Tipo copia default (Koha) RIVISTA
Dati di copia
Ritirato (status) Perso (status) Fonte della classificazione o dello schema di collocazione (segnatura) Danneggiato (status) Non per il presito Biblioteca proprietaria Biblioteca in cui si trova Data d'acquisizione Totale prestiti Collocazione Data ultima operazione Prezzo in vigore dal Tipo copia default (Koha)
    Dewey Decimal Classification Buone Condizioni Not For Loan CISF - Milano CISF - Milano 24/10/2025   A09/R103 24/10/2025 24/10/2025 RIVISTA
CREDITS: SOCIETA' SAN PAOLO Via A.Severo, 58 - ROMA (RM) & PERIODICI SAN PAOLO SRL Via Giotto, 36 MILANO & CISF Via Giotto, 36 MILANO & EDIZIONI SAN PAOLO SRL,  Piazza Soncino, 5 CINISELLO BALSAMO (MI) -- ITALY